[Event "BL2-Sued 2223"]
[Site "Germany"]
[Date "2023.02.25"]
[Round "7.5"]
[White "Womacka, Mathias"]
[Black "Vonthron, Horst"]
[Result "1/2-1/2"]
[WhiteElo "2413"]
[BlackElo "2361"]
[PlyCount "82"]
[EventDate "2022.10.22"]
[EventType "team-tourn"]
[EventRounds "9"]
[EventCountry "GER"]
[SourceTitle "EXT 2024"]
[Source "ChessBase"]
[SourceDate "2023.10.10"]
[SourceVersion "1"]
[SourceVersionDate "2023.10.10"]
[SourceQuality "1"]
[WhiteTeam "Hofheim"]
[BlackTeam "Walldorf"]
[WhiteTeamCountry "GER"]
[BlackTeamCountry "GER"]

1. e4 e5 2. Nf3 Nc6 3. Bc4 Nf6 4. d3 Bc5 5. 0-0 d6 6. c3 Qe7 7. b4 Bb6 8. a4 a6 9. Nbd2 h6 10. Bb3 Bg4 11. Nc4 Ba7 12. Ne3 Bxe3 13. fxe3 0-0 14. Qe1 Be6 15. Bc2 g5 16. d4 Bc4 17. Rf2 Ng4 18. Rd2 f5 19. h3 fxe4 20. Bxe4 d5 21. Bxd5+ Bxd5 22. e4 exd4 23. hxg4 Qxe4 24. Qxe4 Bxe4 25. Nxd4 Rae8 26. Re2 Bd5 27. Rxe8 Rxe8 28. Nxc6 Bxc6 29. Kf2 Re4 30. Be3 Rxg4 31. g3 Re4 32. a5 Re8 33. Bc5 Re5 34. Re1 Rf5+ 35. Kg1 Rf3 36. Re3 g4 37. Rxf3 gxf3 38. Be3 Kg7 39. Bf4 Kg6 40. Bxc7 Kf5 41. Kf2 Ke4 1/2-1/2

[Event "BL2-Sued 1920"]
[Site "Germany"]
[Date "2019.12.08"]
[Round "6.3"]
[White "Vonthron, Horst"]
[Black "Guliyev, Namig"]
[Result "1-0"]
[WhiteElo "2345"]
[BlackElo "2548"]
[PlyCount "105"]
[EventDate "2019.10.19"]
[EventType "team-tourn"]
[EventRounds "11"]
[EventCountry "GER"]
[SourceTitle "CBM 194 Extra"]
[Source "ChessBase"]
[SourceDate "2020.03.31"]
[SourceVersion "1"]
[SourceVersionDate "2020.03.31"]
[SourceQuality "1"]
[WhiteTeam "Walldorf"]
[BlackTeam "Eppingen"]
[WhiteTeamCountry "GER"]
[BlackTeamCountry "GER"]

1. d4 d5 2. c4 dxc4 3. Nf3 Nf6 4. Qa4+ c6 5. Qxc4 Bg4 6. Nc3 Nbd7 7. Qd3 e6 8. e4 Be7 9. Be2 0-0 10. 0-0 a6 11. Bg5 h6 12. Bh4 b5 13. Rfd1 c5 14. dxc5 Nxc5 15. Qe3 Nfd7 16. Bxe7 Qxe7 17. b4 Bxf3 18. Bxf3 Nb7 19. e5 Rab8 20. a4 bxa4 21. Rxa4 Rfc8 22. Qd4 Rd8 23. Bxb7 Rxb7 24. f4 Rdb8 25. Qd6 Qxd6 26. Rxd6 Rc8 27. Ne2 g5 28. g3 Rc4 29. Nd4 gxf4 30. gxf4 Nb6 31. Rxa6 Nd5 32. Nc6 Rxf4 33. Ra8+ Kh7 34. Rdd8 Nxb4 35. Rh8+ Kg6 36. Rag8+ Kf5 37. Nd8 Rd7 38. Rxh6 Rd1+ 39. Kg2 Rd2+ 40. Kg3 Rd3+ 41. Kg2 Rd2+ 42. Kg3 Ke4 43. Rf6 Rd3+ 44. Kg2 Nd5 45. Rxf4+ Nxf4+ 46. Kg1 Rd1+ 47. Kf2 Rd7 48. Rf8 Nd3+ 49. Kg3 Nxe5 50. h4 f6 51. Re8 Rg7+ 52. Kh3 Kf4 53. Nxe6+ 1-0

[Event "Oberliga Baden 1718"]
[Site "Baden"]
[Date "2017.12.10"]
[Round "4.2"]
[White "Arnold, Max"]
[Black "Vonthron, Horst"]
[Result "1/2-1/2"]
[WhiteElo "2284"]
[BlackElo "2363"]
[PlyCount "90"]
[EventDate "2017.10.08"]
[EventType "team-tourn"]
[EventRounds "9"]
[EventCountry "GER"]
[SourceTitle "EXT 2019"]
[Source "ChessBase"]
[SourceDate "2018.10.10"]
[SourceVersion "1"]
[SourceVersionDate "2018.10.10"]
[SourceQuality "1"]
[WhiteTeam "Ettlingen"]
[BlackTeam "Walldorf"]
[WhiteTeamCountry "GER"]
[BlackTeamCountry "GER"]

1. e4 c6 2. Nc3 d5 3. Nf3 Bg4 4. h3 Bxf3 5. Qxf3 e6 6. d4 dxe4 7. Qxe4 Nf6 8. Qd3 Na6 9. a3 Nc7 10. g3 Be7 11. Bg2 0-0 12. 0-0 Qd7 13. Rd1 Rfd8 14. Qe2 h6 15. b3 Rac8 16. Bb2 b5 17. Na2 a5 18. Nc1 Ncd5 19. Nd3 b4 20. axb4 axb4 21. Nc5 Qc7 22. Qc4 h5 23. h4 Ng4 24. Qe2 Bxh4 25. Qf3 Be7 26. Ra6 Ra8 27. Rda1 Rxa6 28. Rxa6 Bxc5 29. dxc5 Qb7 30. Bf1 Ra8 31. Qd3 Rc8 32. Ra4 Qe7 33. Qd4 e5 34. Qc4 Qg5 35. Be2 Qd2 36. Bxg4 hxg4 37. Qxg4 Re8 38. Qe4 Qd1+ 39. Kh2 Qb1 40. Ba1 Qd1 41. Ra6 Qd2 42. Rxc6 f5 43. Qc4 Kf8 44. Kg1 Qd1+ 45. Kg2 Qd2 1/2-1/2

[Event "Oberliga Baden 1617"]
[Site "Baden"]
[Date "2017.01.15"]
[Round "4.1"]
[White "Stojanovic, Mihajlo"]
[Black "Vonthron, Horst"]
[Result "1/2-1/2"]
[WhiteElo "2503"]
[BlackElo "2377"]
[PlyCount "176"]
[EventDate "2016.10.16"]
[EventType "team-tourn"]
[EventRounds "9"]
[EventCountry "GER"]
[SourceTitle "EXT 2018"]
[Source "ChessBase"]
[SourceDate "2017.10.13"]
[SourceVersion "1"]
[SourceVersionDate "2017.10.13"]
[SourceQuality "1"]
[WhiteTeam "Buchen"]
[BlackTeam "Walldorf"]
[WhiteTeamCountry "GER"]
[BlackTeamCountry "GER"]

1. d4 d5 2. c4 c6 3. Nc3 Nf6 4. cxd5 cxd5 5. Bg5 Nc6 6. Bxf6 gxf6 7. e3 e6 8. Nf3 Bd6 9. Bd3 f5 10. h3 Bd7 11. Rc1 Qe7 12. a3 f6 13. g3 0-0-0 14. Nh4 Kb8 15. Nb5 Rc8 16. 0-0 Rhg8 17. Kh2 Bc7 18. Nxc7 Rxc7 19. Rc3 Qd6 20. Qd2 Be8 21. Rg1 Rcg7 22. Rcc1 Bd7 23. Qc3 b6 24. b4 Rg5 25. Bb5 Ne7 26. Be2 Be8 27. Rc2 Ba4 28. Rcc1 Bd7 29. Nf3 R5g6 30. Nh4 Rh6 31. f4 Ng6 32. Nf3 Re8 33. Qd2 e5 34. Bd1 exf4 35. gxf4 Re4 36. Rg3 Qe6 37. Rc3 Kb7 38. Qf2 Qd6 39. Bc2 Re8 40. Bd3 Ne7 41. Rg1 Rg6 42. Rgc1 Rc8 43. Rxc8 Bxc8 44. Nh4 Rh6 45. Rg1 Kb8 46. Rg7 Qe6 47. Kg2 Rh5 48. Be2 Rh6 49. Qg3 Bd7 50. Kf2 Bc8 51. Bd3 Rh5 52. Be2 Rh6 53. Bd3 Rh5 54. Ke2 Rh6 55. Kd2 Rh5 56. Be2 Rh6 57. Bd3 Rh5 58. Qf2 Rh6 59. Rg1 Qf7 60. Be2 Bd7 61. Qg3 Qe6 62. Bd3 Bc8 63. Nf3 Ng6 64. h4 Bd7 65. Rc1 Kb7 66. Qf2 Ne7 67. Kc3 Nc8 68. Kb2 Rg6 69. Qc2 Qd6 70. Bxf5 Rg3 71. Bxd7 Qxd7 72. Qe2 Nd6 73. Nd2 Qh3 74. Qd3 Rxe3 75. Qxh7+ Ka6 76. a4 Re2 77. Rc2 Rxd2 78. Rxd2 Nc4+ 79. Kc2 Na3+ 80. Kb2 Nc4+ 81. Kc2 Na3+ 82. Kc1 Qf1+ 83. Kb2 Nc4+ 84. Kc2 Ne3+ 85. Kb2 Nc4+ 86. Kc2 Ne3+ 87. Kb2 Nc4+ 88. Kc2 Ne3+ 1/2-1/2

[Event "Oberliga Baden 1516"]
[Site "Baden"]
[Date "2016.04.10"]
[Round "9.1"]
[White "Ider, Borya"]
[Black "Vonthron, Horst"]
[Result "1/2-1/2"]
[WhiteElo "2464"]
[BlackElo "2373"]
[PlyCount "105"]
[EventDate "2015.09.20"]
[EventType "team-tourn"]
[EventRounds "9"]
[EventCountry "GER"]
[SourceTitle "EXT 2018"]
[Source "ChessBase"]
[SourceDate "2017.10.13"]
[SourceVersion "1"]
[SourceVersionDate "2017.10.13"]
[SourceQuality "1"]
[WhiteTeam "Oberwinden"]
[BlackTeam "Walldorf"]
[WhiteTeamCountry "GER"]
[BlackTeamCountry "GER"]

1. Nf3 d6 2. d4 Bg4 3. g3 Nf6 4. Bg2 c6 5. b3 e6 6. Bb2 Be7 7. 0-0 0-0 8. Nbd2 Nbd7 9. h3 Bh5 10. g4 Bg6 11. Nh4 d5 12. Nxg6 hxg6 13. e3 Nh7 14. Qe2 f5 15. f4 g5 16. c4 g6 17. gxf5 gxf5 18. e4 dxe4 19. Nxe4 fxe4 20. Bxe4 Rf7 21. Bxh7+ Kxh7 22. d5 Bf6 23. dxe6 Rg7 24. exd7 Bxb2 25. Qxb2 gxf4+ 26. Kh2 Rxd7 27. Qc2+ Kh6 28. Qf5 Rd2+ 29. Kh1 Qg5 30. Qe6+ Qg6 31. Qxg6+ Kxg6 32. Rxf4 Rad8 33. Rg1+ Kh5 34. Rf7 R8d7 35. Rf8 Rd8 36. Rxd8 Rxd8 37. Rg7 Rd2 38. Rxb7 Rxa2 39. Rc7 Kh4 40. Rxc6 Kxh3 41. Rg6 Rb2 42. Kg1 Rxb3 43. Kf2 Rc3 44. Rc6 Kg4 45. Ke2 Kf4 46. Kd2 Rh3 47. Re6 Kf5 48. Re8 Kf6 49. Kc2 Kf7 50. Re1 a5 51. Kb2 a4 52. Ra1 Ke7 53. Rxa4 1/2-1/2

[Event "Oberliga Baden 1415"]
[Site "Baden"]
[Date "2014.09.21"]
[Round "1.2"]
[White "Vonthron, Horst"]
[Black "Raupp, Thomas"]
[Result "1-0"]
[WhiteElo "2345"]
[BlackElo "2315"]
[PlyCount "61"]
[EventDate "2014.09.21"]
[EventType "team-tourn"]
[EventRounds "9"]
[EventCountry "GER"]
[SourceTitle "EXT 2016"]
[Source "ChessBase"]
[SourceDate "2015.10.08"]
[SourceVersion "1"]
[SourceVersionDate "2015.10.08"]
[SourceQuality "1"]
[WhiteTeam "Walldorf"]
[BlackTeam "Eppingen II"]
[WhiteTeamCountry "GER"]
[BlackTeamCountry "GER"]

1. e4 c5 2. Nf3 Nc6 3. Bb5 g6 4. 0-0 Bg7 5. Re1 Nf6 6. h3 0-0 7. c3 Qb6 8. Bf1 e5 9. Na3 d5 10. exd5 Nxd5 11. Bc4 Rd8 12. Ng5 f6 13. Qf3 Nce7 14. Ne4 f5 15. d3 h6 16. Be3 Kh7 17. Bxc5 Qa5 18. Nb5 a6 19. b4 Qa4 20. Ned6 axb5 21. Bxd5 Nxd5 22. Qxd5 Ra6 23. Rxe5 Raxd6 24. Bxd6 Qa6 25. Re7 Qxd6 26. Qf7 Rg8 27. Rae1 Qxd3 28. Re8 Rxe8 29. Rxe8 Qd1+ 30. Kh2 Qd6+ 31. g3 1-0

[Event "Oberliga Baden 1213"]
[Site "Baden"]
[Date "2013.03.17"]
[Round "8.4"]
[White "Schwierskott, Marc"]
[Black "Vonthron, Horst"]
[Result "0-1"]
[WhiteElo "2232"]
[BlackElo "2331"]
[PlyCount "56"]
[EventDate "2012.10.14"]
[EventType "team-tourn"]
[EventRounds "9"]
[EventCountry "GER"]
[SourceTitle "EXT 2014"]
[Source "ChessBase"]
[SourceDate "2013.11.20"]
[SourceVersion "1"]
[SourceVersionDate "2013.11.20"]
[SourceQuality "1"]
[WhiteTeam "Brombach"]
[BlackTeam "Kirchheim"]
[WhiteTeamCountry "GER"]
[BlackTeamCountry "GER"]

1. c4 c6 2. e4 e5 3. Nf3 Qf6 4. d4 exd4 5. Bg5 Bb4+ 6. Nbd2 Qg6 7. Bd3 Be7 8. h4 c5 9. b4 d6 10. Qe2 Qe6 11. Nb3 Nc6 12. Bd2 Nf6 13. 0-0 h6 14. Rae1 Ng4 15. b5 Nce5 16. Nxe5 Nxe5 17. f4 Nxd3 18. Qxd3 Bxh4 19. f5 Qe7 20. e5 dxe5 21. Re4 Bf6 22. Qg3 b6 23. Rfe1 Bxf5 24. Rxe5 Bxe5 25. Qf3 0-0 26. Qxf5 Rae8 27. Bf4 f6 28. Nc1 Qe6 0-1

[Event "Oberliga Baden 1213"]
[Site "Baden"]
[Date "2013.02.03"]
[Round "6.2"]
[White "Pfrommer, Christoph"]
[Black "Vonthron, Horst"]
[Result "1/2-1/2"]
[WhiteElo "2360"]
[BlackElo "2331"]
[PlyCount "51"]
[EventDate "2012.10.14"]
[EventType "team-tourn"]
[EventRounds "9"]
[EventCountry "GER"]
[SourceTitle "EXT 2014"]
[Source "ChessBase"]
[SourceDate "2013.11.20"]
[SourceVersion "1"]
[SourceVersionDate "2013.11.20"]
[SourceQuality "1"]
[WhiteTeam "Karlsruhe"]
[BlackTeam "Kirchheim"]
[WhiteTeamCountry "GER"]
[BlackTeamCountry "GER"]

1. Nf3 d5 2. g3 c5 3. Bg2 Nc6 4. d4 Nf6 5. 0-0 e6 6. c4 cxd4 7. Nxd4 Qb6 8. Nxc6 bxc6 9. Qa4 Bd7 10. Qc2 Be7 11. Nc3 0-0 12. b3 dxc4 13. Na4 Qa6 14. Be3 Rfb8 15. Rfc1 cxb3 16. axb3 Qb5 17. Bxc6 Bxc6 18. Qxc6 Qxc6 19. Rxc6 Rxb3 20. Nb6 Rb8 21. Rxa7 Bd8 22. Nd7 Nxd7 23. Rxd7 h6 24. Ra6 Bb6 25. Rxb6 R3xb6 26. Bxb6 1/2-1/2

[Event "Oberliga Baden 1213"]
[Site "Baden"]
[Date "2012.12.09"]
[Round "4.2"]
[White "Jeitz, Christian"]
[Black "Vonthron, Horst"]
[Result "1/2-1/2"]
[WhiteElo "2206"]
[BlackElo "2331"]
[PlyCount "151"]
[EventDate "2012.10.14"]
[EventType "team-tourn"]
[EventRounds "9"]
[EventCountry "GER"]
[SourceTitle "EXT 2014"]
[Source "ChessBase"]
[SourceDate "2013.11.20"]
[SourceVersion "1"]
[SourceVersionDate "2013.11.20"]
[SourceQuality "1"]
[WhiteTeam "Ettlingen"]
[BlackTeam "Kirchheim"]
[WhiteTeamCountry "GER"]
[BlackTeamCountry "GER"]

1. e4 c5 2. Nf3 d6 3. Bb5+ Nd7 4. d4 cxd4 5. Qxd4 Ngf6 6. Nc3 e5 7. Qd3 Be7 8. Be3 0-0 9. a4 Qc7 10. h3 Nc5 11. Bxc5 Qxc5 12. Bc4 Be6 13. Bxe6 fxe6 14. 0-0 Nh5 15. Ne2 Rac8 16. c3 Rf6 17. b4 Qc6 18. Ra3 Rcf8 19. Nd2 d5 20. Qb5 Rc8 21. Qxc6 Rxc6 22. Rb3 Rf8 23. Rd1 Nf6 24. Ng3 Rfc8 25. Rc1 g6 26. Kf1 Nd7 27. Ke2 Bg5 28. Rc2 d4 29. Nf3 Bf6 30. Kd3 Nb6 31. a5 Nc4 32. Ne2 b5 33. axb6 Nxb6 34. Ra2 dxc3 35. Rxc3 Rc4 36. Rxc4 Rxc4 37. Rxa7 Rxb4 38. Ra6 Nd7 39. Ra8+ Kf7 40. Ng3 Rb2 41. Ra7 Ke8 42. Ra8+ Ke7 43. Ke3 h5 44. h4 Nb6 45. Ra7+ Ke8 46. Ng5 Bxg5+ 47. hxg5 Nc4+ 48. Kf3 Nd2+ 49. Ke3 h4 50. Ra8+ Ke7 51. Ra7+ Kd6 52. Ne2 Nf1+ 53. Kf3 Rb3+ 54. Kg4 h3 55. gxh3 Nh2+ 56. Kh4 Rb2 57. Kg3 Rxe2 58. Kxh2 Rxf2+ 59. Kg3 Rf4 60. Rg7 Rxe4 61. Rxg6 Re1 62. Kf2 Re4 63. Rg7 Rf4+ 64. Kg3 Rf1 65. Kg2 Rf5 66. h4 e4 67. Ra7 Rf4 68. Kg3 Rf1 69. Ra2 Ke5 70. g6 Kf6 71. h5 e3 72. Re2 Rf5 73. Kg4 Rg5+ 74. Kh4 Re5 75. Kg4 Re4+ 76. Kf3 1/2-1/2

[Event "Oberliga Baden 1213"]
[Site "Baden"]
[Date "2012.11.25"]
[Round "3.2"]
[White "Bellahcene, Bilel"]
[Black "Vonthron, Horst"]
[Result "1/2-1/2"]
[WhiteElo "2354"]
[BlackElo "2331"]
[PlyCount "122"]
[EventDate "2012.10.14"]
[EventType "team-tourn"]
[EventRounds "9"]
[EventCountry "GER"]
[SourceTitle "EXT 2014"]
[Source "ChessBase"]
[SourceDate "2013.11.20"]
[SourceVersion "1"]
[SourceVersionDate "2013.11.20"]
[SourceQuality "1"]
[WhiteTeam "Baden-Baden III"]
[BlackTeam "Kirchheim"]
[WhiteTeamCountry "GER"]
[BlackTeamCountry "GER"]

1. e4 e5 2. Nf3 Nc6 3. Bb5 Bc5 4. 0-0 Nd4 5. Nxd4 Bxd4 6. c3 Bb6 7. d4 c6 8. Ba4 d6 9. Bb3 Nf6 10. Bg5 h6 11. Bh4 Qe7 12. Nd2 Be6 13. Bxe6 Qxe6 14. d5 cxd5 15. Bxf6 gxf6 16. Qa4+ Qd7 17. Qb3 d4 18. cxd4 Bxd4 19. Nf3 Bb6 20. a4 f5 21. exf5 Qxf5 22. a5 Bc5 23. Nxe5 0-0 24. Nd3 b6 25. Nxc5 bxc5 26. Rad1 Rab8 27. Qg3+ Qg5 28. Qxd6 Rfd8 29. Qc7 Rxd1 30. Qxb8+ Qd8 31. Qxd8+ Rxd8 32. Rc1 Rd2 33. g3 Rxb2 34. Rxc5 Ra2 35. Kg2 Kg7 36. g4 a6 37. h4 Ra3 38. f3 Ra4 39. Kg3 Kh7 40. g5 hxg5 41. hxg5 Kg7 42. f4 f6 43. Rc7+ Kg8 44. g6 Rxa5 45. Kg4 Rb5 46. Rf7 Rb8 47. Rxf6 Ra8 48. Rc6 a5 49. Rc3 a4 50. Ra3 Kg7 51. Kg5 Ra6 52. f5 Ra5 53. Rc3 a3 54. Rc7+ Kg8 55. Kh6 Rxf5 56. Rg7+ Kf8 57. Ra7 Kg8 58. Rxa3 Rf8 59. Ra6 Rb8 60. Kg5 Rb1 61. g7 Kxg7 1/2-1/2

[Event "Oberliga Baden 1213"]
[Site "Baden"]
[Date "2012.11.11"]
[Round "2.2"]
[White "Vonthron, Horst"]
[Black "Friedrich, Norbert"]
[Result "1-0"]
[WhiteElo "2331"]
[BlackElo "2299"]
[PlyCount "69"]
[EventDate "2012.10.14"]
[EventType "team-tourn"]
[EventRounds "9"]
[EventCountry "GER"]
[SourceTitle "EXT 2014"]
[Source "ChessBase"]
[SourceDate "2013.11.20"]
[SourceVersion "1"]
[SourceVersionDate "2013.11.20"]
[SourceQuality "1"]
[WhiteTeam "Kirchheim"]
[BlackTeam "Waldshut"]
[WhiteTeamCountry "GER"]
[BlackTeamCountry "GER"]

1. d4 d5 2. c4 c6 3. Nc3 e6 4. cxd5 exd5 5. Bf4 Bd6 6. Bg3 Ne7 7. e3 0-0 8. Bd3 Bf5 9. Nge2 Re8 10. Rb1 a5 11. a3 Bg6 12. Bxg6 hxg6 13. h4 Nf5 14. Bxd6 Nxd6 15. h5 Qg5 16. hxg6 Qxg6 17. Nf4 Qf5 18. Qf3 g6 19. g4 Qf6 20. Qh3 Na6 21. g5 Qg7 22. Kd2 Ne4+ 23. Nxe4 Rxe4 24. Rh2 Rxf4 25. Rbh1 Kf8 26. Qh8+ Qxh8 27. Rxh8+ Ke7 28. exf4 Rxh8 29. Rxh8 Ke6 30. Ke3 Ke7 31. f5 gxf5 32. Kf4 Ke6 33. Rh6+ Ke7 34. Kxf5 Nc7 35. Ke5 1-0

[Event "Oberliga Baden 1112"]
[Site "Germany"]
[Date "2011.10.23"]
[Round "2.2"]
[White "Vonthron, Horst"]
[Black "Gasthofer, Viktor"]
[Result "1-0"]
[WhiteElo "2314"]
[BlackElo "2331"]
[PlyCount "39"]
[EventDate "2011.10.02"]
[EventType "team-tourn"]
[EventRounds "9"]
[EventCountry "GER"]
[SourceTitle "EXT 2013"]
[Source "ChessBase"]
[SourceDate "2012.11.22"]
[SourceVersion "1"]
[SourceVersionDate "2012.11.22"]
[SourceQuality "1"]
[WhiteTeam "Kirchheim"]
[BlackTeam "Bad Mergentheim"]
[WhiteTeamCountry "GER"]
[BlackTeamCountry "GER"]

1. e4 e6 2. d4 d5 3. Nc3 dxe4 4. Nxe4 Nd7 5. Nf3 Ngf6 6. Bg5 h6 7. Bh4 c5 8. c3 Qb6 9. dxc5 Bxc5 10. Nxc5 Qxc5 11. Qd4 Qxd4 12. Nxd4 a6 13. Be2 Nc5 14. 0-0-0 Bd7 15. Bf3 0-0-0 16. Rhe1 Be8 17. Re5 Nfd7 18. Rxc5+ Nxc5 19. Bxd8 Ba4 20. b3 1-0

[Event "Oberliga Baden 0910"]
[Site "Germany"]
[Date "2010.01.24"]
[Round "5.3"]
[White "Raeber, Markus"]
[Black "Vonthron, Horst"]
[Result "1-0"]
[WhiteElo "2267"]
[BlackElo "2297"]
[PlyCount "71"]
[EventDate "2009.10.18"]
[EventType "team-tourn"]
[EventRounds "9"]
[EventCountry "GER"]
[SourceTitle "EXT 2011"]
[Source "ChessBase"]
[SourceDate "2010.11.26"]
[SourceVersion "1"]
[SourceVersionDate "2010.11.26"]
[SourceQuality "1"]
[WhiteTeam "Zaehringen"]
[BlackTeam "Kirchheim"]
[WhiteTeamCountry "GER"]
[BlackTeamCountry "GER"]

1. d4 Nf6 2. Nf3 c5 3. g3 cxd4 4. Nxd4 d5 5. Bg2 e5 6. Nf3 Nc6 7. 0-0 Bc5 8. c4 e4 9. Ng5 h6 10. cxd5 hxg5 11. dxc6 Qb6 12. Nc3 Qxc6 13. Bxg5 Bh3 14. Bxh3 Rxh3 15. Bxf6 e3 16. Qd5 gxf6 17. Kg2 Rh6 18. fxe3 Qc8 19. h4 Bxe3 20. Ne4 Qe6 21. Qxe6+ fxe6 22. Nxf6+ Rxf6 23. Rxf6 Ke7 24. Raf1 Rc8 25. Rf7+ Kd6 26. Rxb7 Rc2 27. Kf3 Bb6 28. h5 e5 29. h6 e4+ 30. Kxe4 Rxe2+ 31. Kf3 Rh2 32. h7 Kc6 33. Rf7 Bd4 34. a4 a5 35. Ke4 Bxb2 36. R1f2 1-0

[Event "Oberliga Baden 0910"]
[Site "Germany"]
[Date "2009.11.15"]
[Round "2.3"]
[White "Vonthron, Horst"]
[Black "Andersen, Hans Christoph"]
[Result "1/2-1/2"]
[WhiteElo "2297"]
[BlackElo "2191"]
[PlyCount "98"]
[EventDate "2009.10.18"]
[EventType "team-tourn"]
[EventRounds "9"]
[EventCountry "GER"]
[SourceTitle "EXT 2011"]
[Source "ChessBase"]
[SourceDate "2010.11.26"]
[SourceVersion "1"]
[SourceVersionDate "2010.11.26"]
[SourceQuality "1"]
[WhiteTeam "Kirchheim"]
[BlackTeam "Slavija KA"]
[WhiteTeamCountry "GER"]
[BlackTeamCountry "GER"]

1. e4 d6 2. d4 Nf6 3. f3 e5 4. d5 Be7 5. c4 Nh5 6. Nc3 Bg5 7. Nge2 Na6 8. Bxg5 Qxg5 9. Qd2 h6 10. h4 Qxd2+ 11. Kxd2 g6 12. g4 Ng7 13. Rg1 Bd7 14. f4 exf4 15. Nxf4 g5 16. Nd3 f6 17. h5 c5 18. a3 0-0 19. Be2 Rac8 20. Rgf1 Nb8 21. b4 Na6 22. bxc5 Nxc5 23. Nxc5 dxc5 24. Rf2 Rf7 25. Raf1 Rcf8 26. Rb1 b6 27. a4 Rb8 28. a5 Ne8 29. e5 fxe5 30. Rxf7 Kxf7 31. Ne4 Ke7 32. Nxc5 Nf6 33. Na6 Rb7 34. Bf3 e4 35. c5 Nxd5 36. Bxe4 Bc6 37. cxb6 axb6 38. Bxd5 Bxd5 39. Rxb6 Rxb6 40. axb6 Kd6 41. Ke3 Bb7 42. Nc7 Bc8 43. Kf3 Kc6 44. Ne8 Kxb6 45. Nf6 Be6 46. Ke4 Kc7 47. Ke5 Bc8 48. Ng8 Bxg4 49. Nxh6 Bxh5 1/2-1/2